000 00586nam a2200229Ia 4500
003 OSt
005 20221005125447.0
006 a|||||r|||| 00| 0
007 ta
008 221004b |||||||| |||| 00| 0 mal d
024 _a61838
037 _cTextual
040 _aCRL
_cCRL
_bmal
041 _2mal
_amal
082 _aO32,2NSR,21, J8
100 _aSreekanda Pothoval
_9636701
245 0 _aPennukanal
260 _c1958
650 _aMALAYALAM LITERATURE
_938866
942 _hO32,2NSR,21, J8
_cTEXL
_2cc
999 _c1054075
_d1054075